00337nam a2200121Ia 4500008004100000100004500041245003300086260004100119300000900160650002400169942000700193999001500200190216s9999||||xx |||||||||||||| ||und|| aThomas G Spiro & William M Stigliani 0aChemistry Of The Environment bPrentice Hall Of India Pvt Ltdc2002 a489p aChemistry-Chemistry cBK c3135d3135